| 000 | 00886cam a22002895a 4500 | ||
|---|---|---|---|
| 001 | 018262939 | ||
| 003 | OSt | ||
| 005 | 20201128024157.0 | ||
| 008 | 170304t2017 enka frb 001 0 eng d | ||
| 020 | _a9781137606259 | ||
| 040 |
_aStDuBDS _beng _cStDuBDS _dEG-ScBUE |
||
| 082 | 0 | 4 |
_222 _a341.2422 _bMCC |
| 100 | 1 |
_aMcCormick, John, _d1954- _92768 |
|
| 245 | 1 | 0 |
_aUnderstanding the European Union : _ba concise introduction / _cJohn McCormick. |
| 250 | _a7th ed. | ||
| 260 |
_aLondon : _bMacmillan education Palgrave, _cc.2017. |
||
| 300 |
_axix, 252 p. ; _bill. ; _c24 cm. |
||
| 490 | 0 | _aThe European Union series | |
| 500 | _aPrevious edition: 2014. | ||
| 504 | _aIncludes bibliographical references and index. | ||
| 610 | 2 | 7 |
_aEuropean Union. _2BUEsh _98198 |
| 650 | _2BUEsh | ||
| 651 | _2BUEsh | ||
| 653 |
_bBUSBOL _cOctober2017 |
||
| 655 |
_vText book _933728 |
||
| 942 | _2ddc | ||
| 999 |
_c25468 _d25440 |
||